Statistics for Chilling adventures of sabrina Cast

Click here to take the quiz!

General Stats

  • This quiz has been taken 13 times
  • The average score is 12 of 19

Answer Stats

actor/actressAnswer% Correct
Kiernan ShipkaSabrina
100%
Ross LynchHarvey Kinkle
100%
Lucy DavisHilda
92%
Jaz SinclairRoz walker
83%
Miranda OttoZelda
83%
Tati GabriellePrudence Night
83%
Gavin LeatherwoodNicholas Scratch
75%
Michelle GomezLilith/ Wardwell
75%
Lachlan watsonTheo Putnam
75%
Chance PerdomoAMbrose
75%
Adeline RudolphAgatha
67%
Luke CookLucifer/ Dark Lord
67%
Abigail CowenDorcas
58%
Sam CorlettCaliban
50%
Richard Coylefather Blackwood
33%
Jonathon WhitesellRobin Goodfellow
33%
Jedidiah GoodacreDorian Gray
25%
Ty WoodBilly
8%
Alejandro JulianiDr Cee
0%

Score Distribution

Percentile by Number Answered

Percent of People with Each Score

Your Score History

You have not taken this quiz